000 00407nam a2200145Ia 4500
008 211109s9999||||xx |||||||||||||| ||und||
082 _a821
_bRIC-P
100 _aRica, Brenner
245 0 _aPoets of Our Time
260 _bHarcourt Brace K\jovanovich Inc.
_aNew York
_c1941
300 _a411p.
630 _xGENERAL STACK
650 _aEnglish Literature
_vEnglish Poetry
_xLiteratureEnglish
942 _cBOOK
999 _c59604
_d59604